| 000 | 00998nam a2200265 a 4500 | ||
|---|---|---|---|
| 001 | 000033126 | ||
| 003 | DO-SdBNP | ||
| 005 | 20240408175713.0 | ||
| 008 | 100916s1978 dr 000 0 spa d | ||
| 040 |
_aDO-SdBNP _bspa _cBNPHU |
||
| 082 | 4 |
_a 972.93697 _bD473h, 1978 _222 |
|
| 100 | 1 |
_aDespradel i Batista, Guido, _d1909- _940548 |
|
| 245 | 1 | 0 |
_aHistoria de la Concepción de La Vega : _b(contribución a su estudio) / _cGuido Despradel i Batista. |
| 250 | _a2a ed. | ||
| 260 |
_aLa Vega : _bClub Rotario de la Vega Real, _c1978. |
||
| 300 |
_a246 p. ; _c22 cm. |
||
| 504 | _aBibliografía : p. 246 | ||
| 590 | _aInventariado, 2021 / DG | ||
| 650 | 1 | 4 |
_aCiudades y pueblos _xRepública Dominicana _91095 |
| 650 | 1 | 4 |
_aLa Vega (República Dominicana) _xBiografías _958789 |
| 651 | 1 | 0 |
_a Concepción de la Vega (Republica Dominicana ) _92180 |
| 651 | 1 | 4 |
_aLa Vega (República Dominicana{Rpara} _xVida social y costumbres _98244 |
| 910 | _aValidado. Control de calidad MFF | ||
| 942 |
_2ddc _cLBS1 |
||
| 999 |
_c32617 _d32617 |
||